| 000 | 00388nam a2200145Ia 4500 | ||
|---|---|---|---|
| 008 | 240624s9999 xx 000 0 und d | ||
| 041 | _aeng | ||
| 082 | _a338.5 SOB | ||
| 100 | _aSOBEL RUSSELL S | ||
| 245 | _aUNDERSTANDING MICROECONOMICS | ||
| 250 | _a(13th ed.) | ||
| 260 |
_c2011 _aAustralia _bSouth-Western Cengage Learning |
||
| 300 | _axxvii, : 553 : p. : cm. ; 27 | ||
| 365 |
_c _b25 |
||
| 999 |
_c16803 _d16803 |
||